00321nam a2200121Ia 4500008004100000041000800041082001200049100001600061245003900077260005200116300002400168365000700192240624s9999 xx 000 0 und d aeng a954 MIT aMITRA SWATI aQUTB MINAR AND ADJOINING MONUMENTS c2002aNew DelhibArchaeological Survey of India an96 : p. : cm. ; 23 cRS